00648 2200205 4500001002100000005001700021008004100038020002200079035002500101082001200126090002200138100002900160245009800189260003500287300003500322504003100357650002000388850001200408990002200420YOGYA-0213000000051220150325090649.0 ind  a978-602-19260-2-4 a0010-021300000000512 a297.265 aDEP 297.265 Son A aSONY WARSONO BIN HARDONO aAl-Qur an dan Akuntansi : Menggugah Pikiran Mengetuk Relung Qalbu /cSony Warsono Bin Hardono aYogyakartabAB Publisherc2012 ax, 218 hlm. ;bilus. ;c21 cm. aBibliografi : hlm. 215-218 aIslam dan Sains aYOPDYOG aCB-D.11-2012-1248